000 00450nam a2200145 i 4500
001 bg
100 1 _aJASIŃSKI, Włodzimierz
245 0 _aOtrzymywanie związków powierzchniowo czynnych na bazie 1,4-3,6-dwuanhydro-D-sorbitu /
_cWłodzimierz Jasiński, Stanisław Ropuszyński.
260 _aWrocław,
_c1973.
700 1 _aROPUSZYŃSKI, Stanisław
040 _cBPK
041 _apol
942 _cKS
008 s pl f |000 0 pol
999 _c25988
_d25988
856 _uhttp://koha.tu.koszalin.pl/cgi-bin/koha/opac-detail.pl?biblionumber=25988
_yKatalog online BPK